[Event "Bad Wörishofen op 2012 28th"]
[Site "Bad Wörishofen (2.3.-10.3)"]
[Date "2012.03.07"]
[Round "6.6"]
[White "Gaerths, Ronny"]
[Black "Mainka, Romuald"]
[Result "0-1"]
[WhiteElo "2184"]
[BlackElo "2432"]
[PlyCount "72"]
[EventDate "2012.03.??"]
[EventType "swiss"]
[EventRounds "9"]
[EventCountry "GER"]
[SourceDate "2013.02.18"]
[WhiteTeam "Kreuzberg SC"]
[BlackTeam "Dortmund Hansa SC"]

1. d4 Nf6 2. Bg5 Ne4 3. Bf4 c5 4. f3 Qa5+ 5. c3 Nf6 6. Nd2 cxd4 7. Nc4 Qd8 8.
Qxd4 d6 9. Qd2 d5 10. O-O-O Nc6 11. Qe1 Bd7 12. Ne5 Nxe5 13. Bxe5 Qa5 14. Kb1
Bf5+ 15. e4 dxe4 16. Bxf6 exf3+ 17. Ka1 Be6 18. a3 exf6 19. Nxf3 Bxa3 20. bxa3
Qxa3+ 21. Kb1 Qb3+ 22. Kc1 Rc8 23. Kd2 O-O 24. Ke3 Rxc3+ 25. Kf2 Qb6+ 26. Kg3
Qc7+ 27. Kf2 Qc5+ 28. Kg3 Re8 29. Qe4 Qc7+ 30. Qf4 Qxf4+ 31. Kxf4 g5+ 32. Kg3
g4 33. Bb5 Rb8 34. Bd7 gxf3 35. Bxe6 fxg2+ 36. Kxg2 fxe6 0-1

[Event "Bad Wörishofen op 2012 28th"]
[Site "Bad Wörishofen (2.3.-10.3)"]
[Date "2012.03.07"]
[Round "6.7"]
[White "Andreev, Eduard"]
[Black "Friedrich, Norbert(66)"]
[Result "1-0"]
[WhiteElo "2547"]
[BlackElo "2292"]
[PlyCount "97"]
[EventDate "2012.03.??"]
[EventType "swiss"]
[EventRounds "9"]
[EventCountry "GER"]
[SourceDate "2013.02.18"]
[WhiteTeam "UKR/Ukraine"]
[BlackTeam "Waldshut-Tiengen SG"]
[WhiteTeamCountry "UKR"]

1. e4 c5 2. Nf3 e6 3. d4 cxd4 4. Nxd4 a6 5. Nc3 Qc7 6. Bd3 Nc6 7. Nxc6 dxc6 8.
f4 e5 9. Qf3 Nf6 10. f5 b5 11. Be3 Bb7 12. O-O-O h5 13. Be2 Ng4 14. Bg1 Rd8 15.
Rxd8+ Kxd8 16. Qd3+ Kc8 17. Bxg4 hxg4 18. Qg3 Bb4 19. Nd1 Rd8 20. Qxg4 Kb8 21.
Be3 Qd6 22. Qe2 c5 23. Nf2 c4 24. c3 Ba5 25. g4 Qe7 26. a3 Qh4 27. Bc5 Bc7 28.
Qe3 Kc8 29. h3 Rd7 30. Rf1 Qd8 31. g5 Bc6 32. h4 Qh8 33. Qg3 Kb7 34. Qg4 Qd8
35. Qe2 Qh8 36. h5 Bb6 37. Bxb6 Kxb6 38. Rh1 Kb7 39. Qe3 Qf8 40. Qg3 Qc5 41.
Re1 a5 42. Qe3 Qe7 43. Rd1 Rxd1+ 44. Nxd1 Ka6 45. Nf2 Qd6 46. Qd2 Qe7 47. Qe3
Qd7 48. Ng4 Kb7 49. f6 1-0

[Event "Bad Wörishofen op 2012 28th"]
[Site "Bad Wörishofen (2.3.-10.3)"]
[Date "2012.03.07"]
[Round "6.9"]
[White "Estremera Panos, Sergio"]
[Black "Kozlov, Alexander"]
[Result "1-0"]
[WhiteElo "2258"]
[BlackElo "2128"]
[PlyCount "61"]
[EventDate "2012.03.??"]
[EventType "swiss"]
[EventRounds "9"]
[EventCountry "GER"]
[SourceDate "2013.02.18"]
[WhiteTeam "ESP/Spanien"]
[BlackTeam "Schwegenheim SC"]
[WhiteTeamCountry "ESP"]

1. d4 f5 2. Nf3 e6 3. c4 Nf6 4. Nc3 Bb4 5. Qb3 Qe7 6. Bg5 O-O 7. a3 Bxc3+ 8.
Qxc3 b6 9. g3 Bb7 10. Bg2 d6 11. O-O c5 12. dxc5 dxc5 13. Ne5 Bxg2 14. Kxg2
Qb7+ 15. f3 Nc6 16. Rad1 h6 17. Bxf6 gxf6 18. Nd7 Rfd8 19. Nxf6+ Kf7 20. Qe3
Qe7 21. Nh5 Qg5 22. Nf4 Qf6 23. Qc1 Ke7 24. e3 Rxd1 25. Rxd1 Rd8 26. Rxd8 Kxd8
27. Qd2+ Ke7 28. h4 Na5 29. Qe2 Kd6 30. b4 Nc6 31. Nd3 1-0

[Event "Bad Wörishofen op 2012 28th"]
[Site "Bad Wörishofen (2.3.-10.3)"]
[Date "2012.03.07"]
[Round "6.11"]
[White "Weisenburger, Horst"]
[Black "Vasilevich, Tatjana"]
[Result "0-1"]
[WhiteElo "2100"]
[BlackElo "2379"]
[PlyCount "90"]
[EventDate "2012.03.??"]
[EventType "swiss"]
[EventRounds "9"]
[EventCountry "GER"]
[SourceDate "2013.02.18"]
[WhiteTeam "Böblingen SC"]
[BlackTeam "Aue Nickelhütte ESV"]

1. f4 c5 2. Nf3 Nc6 3. g3 g6 4. Bg2 Bg7 5. O-O e6 6. Nc3 Nge7 7. e4 d6 8. d3
O-O 9. Be3 f5 10. Qd2 b6 11. Rfe1 Bd7 12. Rad1 a6 13. Bf2 h6 14. Nh4 Rc8 15. h3
Qe8 16. Ne2 Qf7 17. c3 Kh7 18. d4 fxe4 19. Bxe4 d5 20. Bb1 c4 21. Qc2 Be8 22.
g4 b5 23. Be3 a5 24. Rf1 Qg8 25. Ng3 Rb8 26. Kh1 Rb7 27. Nf3 b4 28. h4 Rb8 29.
Qd2 Rb7 30. Ne5 Rc7 31. Rf2 Rb7 32. Rh2 bxc3 33. bxc3 Nxe5 34. dxe5 Ba4 35. Rc1
Rfb8 36. Qe1 Kh8 37. h5 g5 38. f5 Bxe5 39. Bd4 Bxd4 40. cxd4 Bd7 41. fxe6 Qxe6
42. Re2 Qf6 43. Rxe7 Rxb1 44. Rxd7 Qf3+ 45. Kg1 Rxc1 0-1

[Event "Bad Wörishofen op 2012 28th"]
[Site "Bad Wörishofen (2.3.-10.3)"]
[Date "2012.03.07"]
[Round "6.12"]
[White "Ivanov, Mikhail M(69)"]
[Black "Grawe, Christian(65)"]
[Result "1-0"]
[WhiteElo "2368"]
[BlackElo "2179"]
[PlyCount "120"]
[EventDate "2012.03.??"]
[EventType "swiss"]
[EventRounds "9"]
[EventCountry "GER"]
[SourceDate "2013.02.18"]
[WhiteTeam "Bad Mergentheim SF"]
[BlackTeam "Germering SK"]

1. Nf3 d5 2. g3 Nf6 3. Bg2 c6 4. O-O Bg4 5. d3 Nbd7 6. c4 e6 7. cxd5 cxd5 8.
Nc3 Be7 9. h3 Bh5 10. a4 O-O 11. a5 a6 12. Qb3 Nc5 13. Qa2 Rc8 14. Bd2 Nce4 15.
dxe4 dxe4 16. Bf4 exf3 17. Rfd1 Qe8 18. exf3 Qc6 19. g4 Bg6 20. Be3 Qc4 21. f4
Qxa2 22. Rxa2 Bc2 23. Rd2 Bb3 24. Ra1 Nd5 25. Nxd5 Bxd5 26. Bxd5 exd5 27. Rxd5
Bf6 28. Rb1 Rfd8 29. Rxd8+ Rxd8 30. b4 g6 31. Rc1 Rd5 32. Rc7 Rb5 33. g5 Bb2
34. Rc8+ Kg7 35. Bc5 h5 36. Kg2 f5 37. Kf3 Kf7 38. Rc7+ Kg8 39. Rc8+ Kf7 40.
Rc7+ Kg8 41. Bd6 b6 42. Rb7 Bd4 43. Be5 Rxb4 44. Bxd4 Rxd4 45. Rxb6 Kg7 46. h4
Ra4 47. Rxa6 Kh7 48. Ra7+ Kg8 49. a6 Kh8 50. Ke3 Kg8 51. Kd3 Kf8 52. Kc3 Ke8
53. Kb3 Ra1 54. Kb4 Kd8 55. Kb5 Kc8 56. Rg7 Rb1+ 57. Kc6 Rc1+ 58. Kd5 Rd1+ 59.
Ke5 Re1+ 60. Kf6 Ra1 1-0

[Event "Bad Wörishofen op 2012 28th"]
[Site "Bad Wörishofen (2.3.-10.3)"]
[Date "2012.03.07"]
[Round "6.13"]
[White "Graf, Felix(93)"]
[Black "Stiller, Patrick Dr"]
[Result "1-0"]
[WhiteElo "2349"]
[BlackElo "2146"]
[PlyCount "97"]
[EventDate "2012.03.??"]
[EventType "swiss"]
[EventRounds "9"]
[EventCountry "GER"]
[SourceDate "2013.02.18"]
[WhiteTeam "München Bayern FC"]
[BlackTeam "Ulm Post SV"]

1. d4 Nf6 2. c4 g6 3. Nc3 d5 4. cxd5 Nxd5 5. e4 Nxc3 6. bxc3 Bg7 7. Nf3 c5 8.
Rb1 Nc6 9. d5 Ne5 10. Nxe5 Bxe5 11. Bb5+ Bd7 12. O-O O-O 13. Bh6 Bg7 14. Bxg7
Kxg7 15. c4 b6 16. Qd2 e5 17. f4 Bxb5 18. Rxb5 Qd6 19. f5 f6 20. a4 Rf7 21. h4
Rg8 22. fxg6 hxg6 23. a5 Rh8 24. Qf2 f5 25. axb6 axb6 26. Rb3 f4 27. Rfb1 Rb8
28. Ra1 Qf6 29. Ra6 Qd6 30. Qe2 Qf6 31. Qg4 Rfb7 32. h5 Kh6 33. Rh3 Kg7 34. Kf2
Rh8 35. Kf3 Rg8 36. Rh4 Rh8 37. Rh1 Rhb8 38. hxg6 Qxg6 39. Rh5 Qxg4+ 40. Kxg4
Re8 41. Kg5 Rg8 42. Rh6 Kf7+ 43. Kf5 Rxg2 44. Rh7+ Rg7 45. Rxg7+ Kxg7 46. Kxe5
f3 47. d6 f2 48. Ra1 Rf7 49. Rf1 1-0

[Event "Bad Wörishofen op 2012 28th"]
[Site "Bad Wörishofen (2.3.-10.3)"]
[Date "2012.03.07"]
[Round "6.15"]
[White "Melamed, Tetyana"]
[Black "Billio, Atto"]
[Result "1-0"]
[WhiteElo "2332"]
[BlackElo "2126"]
[PlyCount "55"]
[EventDate "2012.03.??"]
[EventType "swiss"]
[EventRounds "9"]
[EventCountry "GER"]
[SourceDate "2013.02.18"]
[WhiteTeam "Magdeburg  Aufbau Elbe SG"]
[BlackTeam "ITA/Italien"]
[BlackTeamCountry "ITA"]

1. e4 c5 2. c3 Nf6 3. e5 Nd5 4. d4 cxd4 5. cxd4 e6 6. Nc3 Nxc3 7. bxc3 Qc7 8.
Bd2 b6 9. f4 Be7 10. Nf3 O-O 11. Bd3 Ba6 12. Bxa6 Nxa6 13. Qe2 Qb7 14. O-O Nc7
15. c4 d5 16. exd6 Bxd6 17. Ng5 Be7 18. Bc3 h6 19. Ne4 f5 20. Ng3 Rad8 21. Kh1
Rd7 22. Rad1 Kh7 23. d5 exd5 24. Nh5 Bd8 25. cxd5 g6 26. Ng7 Nb5 27. Ne6 Re8
28. Qxb5 1-0

[Event "Bad Wörishofen op 2012 28th"]
[Site "Bad Wörishofen (2.3.-10.3)"]
[Date "2012.03.07"]
[Round "6.16"]
[White "Glantz, Robert"]
[Black "Gulde, Josef"]
[Result "1-0"]
[WhiteElo "2248"]
[BlackElo "1905"]
[PlyCount "95"]
[EventDate "2012.03.??"]
[EventType "swiss"]
[EventRounds "9"]
[EventCountry "GER"]
[SourceDate "2013.02.18"]
[WhiteTeam "Berlin 1903 Sfrd."]
[BlackTeam "Krumbach SK"]

1. e4 c5 2. c3 d5 3. exd5 Qxd5 4. d4 e5 5. dxe5 Qxe5+ 6. Be3 Nf6 7. Nf3 Qc7 8.
Na3 a6 9. Qa4+ Bd7 10. Bb5 Nc6 11. O-O-O Be7 12. Bf4 Qc8 13. Bxc6 Bxc6 14. Qc2
Qg4 15. Bg3 Bxf3 16. gxf3 Qxf3 17. Rhe1 Kf8 18. Nc4 Re8 19. Ne5 Qh5 20. f3 b5
21. Kb1 g6 22. Nc6 Ng8 23. Nxe7 Nxe7 24. Bd6 Qxf3 25. Rxe7 Kg7 26. Bxc5 Rxe7
27. Bxe7 Rc8 28. Bd6 Rc4 29. Be5+ f6 30. Bd4 b4 31. Qd3 Qxd3+ 32. Rxd3 bxc3 33.
bxc3 Kf7 34. Kc2 g5 35. Rf3 Rc6 36. Kd3 g4 37. Rf4 h5 38. Ke4 a5 39. Kd5 Ra6
40. c4 Kg6 41. c5 f5 42. c6 Kg5 43. c7 Ra8 44. Be3 h4 45. Kc6 g3 46. hxg3 hxg3
47. Kb7 Re8 48. Re4+ 1-0

[Event "Bad Wörishofen op 2012 28th"]
[Site "Bad Wörishofen (2.3.-10.3)"]
[Date "2012.03.07"]
[Round "6.18"]
[White "Schmitzer, Peter"]
[Black "Meister, Jakob"]
[Result "0-1"]
[WhiteElo "1992"]
[BlackElo "2429"]
[PlyCount "42"]
[EventDate "2012.03.??"]
[EventType "swiss"]
[EventRounds "9"]
[EventCountry "GER"]
[SourceDate "2013.02.18"]
[WhiteTeam "München RTA"]
[BlackTeam "Berlin Zehlendorf SK"]

1. d4 Nf6 2. Nf3 d6 3. c4 Nbd7 4. Nc3 e5 5. Bg5 Be7 6. e3 Ng8 7. Bxe7 Nxe7 8.
Bd3 Nc6 9. O-O Nf6 10. h3 O-O 11. Rc1 Re8 12. Bb1 Bd7 13. Nd5 exd4 14. Nxf6+
Qxf6 15. exd4 Re7 16. d5 Ne5 17. Nd4 Rae8 18. b4 Ng6 19. Rc3 Nf4 20. Rf3 Qxd4
21. Qc2 g6 0-1

[Event "Bad Wörishofen op 2012 28th"]
[Site "Bad Wörishofen (2.3.-10.3)"]
[Date "2012.03.07"]
[Round "6.19"]
[White "Guenther, Thomas(63)"]
[Black "Donchenko, Anatoly"]
[Result "1/2-1/2"]
[WhiteElo "1977"]
[BlackElo "2306"]
[PlyCount "22"]
[EventDate "2012.03.??"]
[EventType "swiss"]
[EventRounds "9"]
[EventCountry "GER"]
[SourceDate "2013.02.18"]
[WhiteTeam "Berlin Lichtenrade SC"]
[BlackTeam "Giessen SK"]

1. d4 d5 2. Nf3 Nf6 3. e3 e6 4. b3 Be7 5. Bb2 O-O 6. Bd3 Nbd7 7. O-O b6 8. Nbd2
Bb7 9. c4 c5 10. Rc1 Rc8 11. Qe2 Ne4 1/2-1/2

[Event "Bad Wörishofen op 2012 28th"]
[Site "Bad Wörishofen (2.3.-10.3)"]
[Date "2012.03.07"]
[Round "6.20"]
[White "Kummerow, Heiko"]
[Black "Neumann, Joachim(43)"]
[Result "1-0"]
[WhiteElo "2285"]
[BlackElo "2015"]
[PlyCount "133"]
[EventDate "2012.03.??"]
[EventType "swiss"]
[EventRounds "9"]
[EventCountry "GER"]
[SourceDate "2013.02.18"]
[WhiteTeam "Recklinghäuser SG"]
[BlackTeam "Neumünster Agon SC"]

1. e4 c5 2. Nf3 Nc6 3. d4 cxd4 4. Nxd4 Nf6 5. Nc3 e5 6. Ndb5 d6 7. Bg5 a6 8.
Na3 b5 9. Bxf6 gxf6 10. Nd5 f5 11. c3 Bg7 12. exf5 Bxf5 13. Nc2 Be6 14. Nce3
O-O 15. Bd3 f5 16. O-O Kh8 17. Bc2 Rb8 18. Qh5 Qd7 19. f4 Qf7 20. Qxf7 Rxf7 21.
fxe5 Bxe5 22. Bxf5 Bxd5 23. Nxd5 b4 24. Be4 Rg7 25. Rf2 bxc3 26. bxc3 Ne7 27.
Raf1 Nxd5 28. Bxd5 Rc7 29. Rf8+ Rxf8 30. Rxf8+ Kg7 31. Rg8+ Kf6 32. c4 Bd4+ 33.
Kf1 Re7 34. Ra8 Ra7 35. Rf8+ Kg7 36. Re8 a5 37. a4 Bc5 38. Ke2 Kf6 39. Re6+ Kg7
40. Kf3 Rf7+ 41. Kg4 Bb4 42. h4 Kf8 43. Rh6 Re7 44. Rh5 Bd2 45. Rf5+ Kg7 46.
Rf2 Bc3 47. Rf3 Bd2 48. Rd3 Bb4 49. Kf3 Bc5 50. Kf4 Kf6 51. g4 h6 52. Be4 Kg7
53. g5 hxg5+ 54. hxg5 Re8 55. Rd1 Rf8+ 56. Bf5 Re8 57. Rd3 Bb4 58. Kg4 Bc5 59.
Rd1 Re2 60. Bd3 Rg2+ 61. Kf5 Rg1 62. Bf1 Be3 63. Ke6 Bc5 64. Rb1 Kg6 65. Bd3+
Kxg5 66. Rxg1+ Bxg1 67. Kxd6 1-0

[Event "Bad Wörishofen op 2012 28th"]
[Site "Bad Wörishofen (2.3.-10.3)"]
[Date "2012.03.07"]
[Round "6.21"]
[White "Buchal, Stephan"]
[Black "Behling, Robert"]
[Result "1-0"]
[WhiteElo "2264"]
[BlackElo "2066"]
[PlyCount "95"]
[EventDate "2012.03.??"]
[EventType "swiss"]
[EventRounds "9"]
[EventCountry "GER"]
[SourceDate "2013.02.18"]
[WhiteTeam "Werder Bremen SV"]
[BlackTeam "Augsburg Caissa SK"]

1. e4 c6 2. d4 d5 3. exd5 cxd5 4. Bd3 Nc6 5. c3 Nf6 6. Bf4 Bg4 7. Qb3 Qd7 8.
Nd2 e6 9. Ngf3 Bxf3 10. Nxf3 Bd6 11. Be5 Qc7 12. O-O Bxe5 13. Nxe5 Nxe5 14.
dxe5 Nd7 15. Rfe1 O-O-O 16. f4 Nc5 17. Qc2 Qb6 18. Kh1 Nxd3 19. Qxd3 g6 20. Re2
Kb8 21. Rd1 Rc8 22. g3 Rc5 23. Qe3 Qc6 24. Rd4 h5 25. Red2 Rc8 26. Kg2 Rc4 27.
Rxc4 Qxc4 28. a3 Qb3 29. Kh3 Rc6 30. Kh4 b5 31. Kg5 Kc7 32. Qe2 a5 33. Rd4 Kb6
34. Qd2 Ka6 35. Qe2 Kb6 36. Qd2 Ka6 37. Kf6 Rc7 38. h3 Kb7 39. Qe2 Ka7 40. Qd2
Kb7 41. g4 hxg4 42. hxg4 Kc6 43. f5 gxf5 44. gxf5 exf5 45. c4 Rd7 46. Rxd5 Qxc4
47. Rxd7 Qe6+ 48. Kg7 1-0

[Event "Bad Wörishofen op 2012 28th"]
[Site "Bad Wörishofen (2.3.-10.3)"]
[Date "2012.03.07"]
[Round "6.22"]
[White "Calzetta Ruiz, Monica"]
[Black "Hornung, Hans Dr"]
[Result "1/2-1/2"]
[WhiteElo "2294"]
[BlackElo "2077"]
[PlyCount "44"]
[EventDate "2012.03.??"]
[EventType "swiss"]
[EventRounds "9"]
[EventCountry "GER"]
[SourceDate "2013.02.18"]
[WhiteTeam "Kiel Doppelbauer SK"]
[BlackTeam "Klosterlechfeld SK"]

1. e4 e6 2. d4 d5 3. Nd2 c5 4. Ngf3 Nf6 5. e5 Nfd7 6. c3 Nc6 7. Bd3 Be7 8. O-O
a5 9. a4 b6 10. Bb5 Ndb8 11. c4 O-O 12. dxc5 bxc5 13. cxd5 exd5 14. Re1 Nb4 15.
Nf1 Bf5 16. Ne3 Bg6 17. Bd2 d4 18. Bxb4 axb4 19. Nc4 Qc7 20. Nfd2 Nc6 21. f4
Na7 22. Nf3 Bf5 1/2-1/2

[Event "Bad Wörishofen op 2012 28th"]
[Site "Bad Wörishofen (2.3.-10.3)"]
[Date "2012.03.07"]
[Round "6.23"]
[White "Steinbacher, Matthias Dr"]
[Black "Koenig, Falk"]
[Result "1-0"]
[WhiteElo "2242"]
[BlackElo "1949"]
[PlyCount "155"]
[EventDate "2012.03.??"]
[EventType "swiss"]
[EventRounds "9"]
[EventCountry "GER"]
[SourceDate "2013.02.18"]
[WhiteTeam "Gerresheim SF"]
[BlackTeam "Vonkeln SF"]

1. e4 c5 2. Nf3 e6 3. d4 cxd4 4. Nxd4 a6 5. Nc3 Qc7 6. g3 Bb4 7. Nde2 Nf6 8.
Bg2 O-O 9. Bf4 d6 10. a3 Bxc3+ 11. Nxc3 Rd8 12. Qd2 Nc6 13. Rd1 Ne8 14. O-O Rd7
15. a4 Ne5 16. b3 h6 17. Be3 b6 18. h3 Rb8 19. Ne2 Bb7 20. f4 Nc6 21. c4 Nf6
22. Nc3 Na5 23. Rb1 Ba8 24. Rfd1 Rdd8 25. Bd4 Nc6 26. Bf2 Ne7 27. Rbc1 Bc6 28.
Nd5 Bxd5 29. cxd5 Qd7 30. g4 exd5 31. exd5 Rdc8 32. Rxc8+ Qxc8 33. Rc1 Qd7 34.
Bf3 b5 35. g5 hxg5 36. fxg5 Ne8 37. Qe2 Ng6 38. Bg4 Qe7 39. axb5 axb5 40. Qxe7
Nxe7 41. Bf3 Rc8 42. Rxc8 Nxc8 43. Kf1 Nc7 44. Ke2 Ne7 45. Kd3 Ncxd5 46. Bxd5
Nxd5 47. Bg3 Kf8 48. Kd4 Nb6 49. Bxd6+ Ke8 50. Kc5 Nc8 51. Bf4 g6 52. Kxb5 Kd7
53. b4 Ne7 54. Kc5 Nc6 55. Bg3 Nd8 56. Kd5 Ne6 57. h4 Ng7 58. b5 Nf5 59. Bf2
Nd6 60. b6 Nb7 61. Bc5 Nd8 62. Ke5 Nb7 63. Kf6 Ke8 64. Ba3 Nd8 65. Ke5 Kd7 66.
Kd5 Nb7 67. Bb4 Nd8 68. Kc5 Nb7+ 69. Kb5 Nd8 70. Bc3 Nb7 71. Ka6 Kc6 72. Ka7
Nd8 73. Be5 Nb7 74. Bc7 Nc5 75. Kb8 Nb7 76. Kc8 Nc5 77. Kd8 Ne6+ 78. Ke7 1-0

[Event "Bad Wörishofen op 2012 28th"]
[Site "Bad Wörishofen (2.3.-10.3)"]
[Date "2012.03.07"]
[Round "6.24"]
[White "Jameson, David"]
[Black "Pfretzschner, Roland"]
[Result "1/2-1/2"]
[WhiteElo "2067"]
[BlackElo "2166"]
[PlyCount "54"]
[EventDate "2012.03.??"]
[EventType "swiss"]
[EventRounds "9"]
[EventCountry "GER"]
[SourceDate "2013.02.18"]
[WhiteTeam "Starnberg SC"]
[BlackTeam "Plauen König SK"]

1. d4 Nf6 2. Nf3 e6 3. c4 c5 4. d5 b5 5. Bg5 Qa5+ 6. Qd2 Qxd2+ 7. Nbxd2 bxc4 8.
Bxf6 gxf6 9. e4 Rg8 10. g3 Bb7 11. Bxc4 f5 12. dxe6 dxe6 13. exf5 Rg4 14. Bb5+
Ke7 15. Be2 exf5 16. O-O Kf6 17. Rac1 Nd7 18. Nh4 Rb4 19. Nc4 Nb6 20. b3 Nxc4
21. Bxc4 Rb6 22. Rfd1 Rd6 23. Rxd6+ Bxd6 24. Rd1 Rd8 25. Ng2 Bf3 26. Rd2 Bc7
27. Rxd8 Bxd8 1/2-1/2

[Event "Bad Wörishofen op 2012 28th"]
[Site "Bad Wörishofen (2.3.-10.3)"]
[Date "2012.03.07"]
[Round "6.25"]
[White "Santl, Anton"]
[Black "Schaefer, Michael(59)"]
[Result "1-0"]
[WhiteElo "2002"]
[BlackElo "2135"]
[PlyCount "69"]
[EventDate "2012.03.??"]
[EventType "swiss"]
[EventRounds "9"]
[EventCountry "GER"]
[SourceDate "2013.02.18"]
[WhiteTeam "München SU"]
[BlackTeam "Mörlenbach-Birkenau FB"]

1. Nf3 Nf6 2. c4 g6 3. Nc3 Bg7 4. e4 e5 5. Nxe5 Nxe4 6. Nxe4 Bxe5 7. d4 Bg7 8.
Bg5 f6 9. Be3 O-O 10. Be2 d5 11. Nc3 dxc4 12. Bxc4+ Kh8 13. O-O Nc6 14. d5 Ne5
15. Be2 Qe7 16. Rc1 Rd8 17. Qb3 a6 18. h3 f5 19. Rfd1 Qh4 20. Qa4 Qe7 21. Bf1
b6 22. d6 Rxd6 23. Nd5 Rxd5 24. Rxd5 Bb7 25. Rd2 g5 26. Qc2 f4 27. Bd4 c5 28.
Bc3 Re8 29. b4 cxb4 30. Bd4 Nc6 31. Bxg7+ Qxg7 32. Bxa6 Nd4 33. Rxd4 Qxd4 34.
Bxb7 h5 35. Qg6 1-0

[Event "Bad Wörishofen op 2012 28th"]
[Site "Bad Wörishofen (2.3.-10.3)"]
[Date "2012.03.07"]
[Round "6.27"]
[White "Guttenthaler, Franz"]
[Black "Klamp, Christoph"]
[Result "1/2-1/2"]
[WhiteElo "2153"]
[BlackElo "2024"]
[PlyCount "25"]
[EventDate "2012.03.??"]
[EventType "swiss"]
[EventRounds "9"]
[EventCountry "GER"]
[SourceDate "2013.02.18"]
[WhiteTeam "Germering SK"]
[BlackTeam "Darmstadt Schachforum SV"]

1. d4 f5 2. c4 Nf6 3. Nf3 g6 4. Nc3 Bg7 5. Bf4 d6 6. e3 O-O 7. c5 h6 8. Bc4+
Kh8 9. h3 Nc6 10. cxd6 cxd6 11. O-O Ne4 12. Bh2 Nxc3 13. bxc3 1/2-1/2

[Event "Bad Wörishofen op 2012 28th"]
[Site "Bad Wörishofen (2.3.-10.3)"]
[Date "2012.03.07"]
[Round "6.28"]
[White "Babar, Michael"]
[Black "De Andres Gonalons, Fernando"]
[Result "1/2-1/2"]
[WhiteElo "2161"]
[BlackElo "2012"]
[PlyCount "54"]
[EventDate "2012.03.??"]
[EventType "swiss"]
[EventRounds "9"]
[EventCountry "GER"]
[SourceDate "2013.02.18"]
[WhiteTeam "Dortmund Hansa SC"]
[BlackTeam "ESP/Spanien"]
[BlackTeamCountry "ESP"]

1. g3 d5 2. f4 g6 3. Nf3 Bg7 4. Bg2 Nf6 5. O-O c5 6. d3 Nc6 7. Qe1 d4 8. Na3
Bg4 9. Bd2 Bxf3 10. Bxf3 Qd7 11. c3 Nd5 12. Nc2 e6 13. c4 Nde7 14. b4 cxb4 15.
Nxb4 O-O 16. Rb1 Rfd8 17. Nxc6 Nxc6 18. Qd1 Rac8 19. Qb3 b6 20. Qb5 Bf8 21. a4
Bc5 22. Rb2 Qd6 23. Rfb1 h5 24. Kg2 Kg7 25. Ra2 Rh8 26. Rba1 a5 27. Bxc6 Rxc6
1/2-1/2

[Event "Bad Wörishofen op 2012 28th"]
[Site "Bad Wörishofen (2.3.-10.3)"]
[Date "2012.03.07"]
[Round "6.29"]
[White "Keller, Manfred(45)"]
[Black "Remensberger, Paul"]
[Result "1-0"]
[WhiteElo "2127"]
[BlackElo "2122"]
[PlyCount "89"]
[EventDate "2012.03.??"]
[EventType "swiss"]
[EventRounds "9"]
[EventCountry "GER"]
[SourceDate "2013.02.18"]
[WhiteTeam "Pang/Rosenheim SG"]
[BlackTeam "SUI/Schweiz"]
[BlackTeamCountry "SUI"]

1. d4 e6 2. Nf3 Nf6 3. Nc3 d5 4. Bg5 Be7 5. Bxf6 Bxf6 6. e4 O-O 7. Qd2 dxe4 8.
Nxe4 b6 9. Nxf6+ Qxf6 10. Bd3 Bb7 11. Ng5 g6 12. Be4 Bxe4 13. Nxe4 Qh4 14. Qe3
Nd7 15. g3 Qh3 16. O-O-O Kg7 17. f4 Rfe8 18. Kb1 Rac8 19. Rhe1 h6 20. Nf2 Qh5
21. g4 Qh4 22. Qf3 c5 23. Ne4 Re7 24. Qc3 f6 25. g5 hxg5 26. fxg5 Kf8 27. gxf6
Rh7 28. dxc5 bxc5 29. Nd6 Rb8 30. Rxe6 Qh3 31. Qxh3 Rxh3 32. f7 Kg7 33. Re8 Rb6
34. Rg8+ Kh7 35. f8=Q Nxf8 36. Rxf8 Rxh2 37. b3 Rh4 38. Rf7+ Kh6 39. Rxa7 c4
40. Nf7+ Kh5 41. Rd5+ Kg4 42. Ne5+ Kg3 43. Rf7 cxb3 44. axb3 Rh1+ 45. Kb2 1-0

[Event "Bad Wörishofen op 2012 28th"]
[Site "Bad Wörishofen (2.3.-10.3)"]
[Date "2012.03.07"]
[Round "6.30"]
[White "Dewenter, Ulf"]
[Black "Klein, Gereon"]
[Result "1/2-1/2"]
[WhiteElo "2071"]
[BlackElo "1836"]
[PlyCount "45"]
[EventDate "2012.03.??"]
[EventType "swiss"]
[EventRounds "9"]
[EventCountry "GER"]
[SourceDate "2013.02.18"]
[WhiteTeam "Borbeck Weiße Dame"]
[BlackTeam "Kerpen 64 SK"]

1. Nf3 c5 2. e3 g6 3. d4 Bg7 4. c4 Nf6 5. Nc3 O-O 6. Be2 d6 7. O-O Nbd7 8. Re1
Re8 9. b3 b6 10. Bb2 a6 11. Qc2 Qc7 12. Rad1 cxd4 13. exd4 d5 14. cxd5 Bb7 15.
Qc1 Qd8 16. Ne5 Nxd5 17. Bf3 Rc8 18. Nc4 Nxc3 19. Qxc3 Bxf3 20. Qxf3 b5 21. Ne5
Nxe5 22. dxe5 Qc7 23. e6 1/2-1/2

[Event "Bad Wörishofen op 2012 28th"]
[Site "Bad Wörishofen (2.3.-10.3)"]
[Date "2012.03.07"]
[Round "6.31"]
[White "Klein, Reinhard"]
[Black "Schulz, Michael(58)"]
[Result "1/2-1/2"]
[WhiteElo "1752"]
[BlackElo "2070"]
[PlyCount "104"]
[EventDate "2012.03.??"]
[EventType "swiss"]
[EventRounds "9"]
[EventCountry "GER"]
[SourceDate "2013.02.18"]
[WhiteTeam "München RTA"]
[BlackTeam "München Bayern FC"]

1. d4 Nf6 2. Nf3 g6 3. c4 Bg7 4. Nc3 O-O 5. e4 d6 6. Be2 e5 7. d5 Na6 8. Bg5 h6
9. Be3 Ng4 10. Bc1 f5 11. h3 Nf6 12. exf5 Bxf5 13. g4 Bd7 14. g5 hxg5 15. Bxg5
Qe8 16. Nh4 Nc5 17. Be3 Nce4 18. Nxe4 Nxe4 19. Qc2 Bf5 20. Nxf5 gxf5 21. O-O-O
Qe7 22. h4 Qf6 23. Rdg1 Kh8 24. Bg5 Qf7 25. Rg2 b5 26. f3 Nc5 27. b4 Nd7 28. h5
a5 29. Rhg1 bxc4 30. Bxc4 Nb6 31. Bb5 axb4 32. h6 Bf6 33. Qxf5 Bxg5+ 34. Qxg5
Rg8 35. Qxg8+ Rxg8 36. Rxg8+ Qxg8 37. Rxg8+ Kxg8 38. Bc6 Kh7 39. Kb2 Kxh6 40.
Kb3 Kg5 41. Kxb4 Kf4 42. a4 Kxf3 43. a5 Nc8 44. Kb5 e4 45. Be8 e3 46. Kc6 Kg4
47. Bd7+ Kf4 48. Bxc8 e2 49. a6 e1=Q 50. Kxc7 Qa5+ 51. Kb8 Qb6+ 52. Bb7 Qd8+
1/2-1/2

[Event "Bad Wörishofen op 2012 28th"]
[Site "Bad Wörishofen (2.3.-10.3)"]
[Date "2012.03.07"]
[Round "6.32"]
[White "Rahls, Peter"]
[Black "Woerl, Richard"]
[Result "0-1"]
[WhiteElo "2101"]
[BlackElo "1961"]
[PlyCount "92"]
[EventDate "2012.03.??"]
[EventType "swiss"]
[EventRounds "9"]
[EventCountry "GER"]
[SourceDate "2013.02.18"]
[WhiteTeam "Berlin Zehlendorf SK"]
[BlackTeam "Nürnberg Süd SW"]

1. e4 c5 2. c3 e6 3. Nf3 Ne7 4. a3 Nbc6 5. b4 Ng6 6. bxc5 Bxc5 7. d4 Bb6 8. Bd3
d6 9. h4 e5 10. h5 Nge7 11. Be3 Bg4 12. d5 Nb8 13. Bxb6 Qxb6 14. Nbd2 O-O 15.
Rb1 Qc7 16. Qb3 b6 17. h6 g6 18. O-O Nd7 19. Nh2 Nc5 20. Qc2 Bd7 21. Be2 f5 22.
exf5 Bxf5 23. Qa2 Ne4 24. Nxe4 Bxe4 25. Rbc1 Qc5 26. c4 Nf5 27. Bg4 Nxh6 28.
Be6+ Kg7 29. Rc3 Bf5 30. Qd2 Rae8 31. Bxf5 Rxf5 32. Rh3 Ng8 33. Ng4 h5 34. Ne3
Rf4 35. g3 Rf3 36. Ng2 Qd4 37. Qe1 Nh6 38. Nh4 Rf6 39. Ng2 Ref8 40. Rh4 Qc5 41.
Ne3 Nf5 42. Nxf5+ Rxf5 43. Re4 Rf3 44. Kg2 Qxa3 45. g4 R3f4 46. gxh5 Qf3+ 0-1